<?xml version="1.0" encoding="UTF-8"?>
<record
    xmlns:xsi="http://www.w3.org/2001/XMLSchema-instance"
    xsi:schemaLocation="http://www.loc.gov/MARC21/slim http://www.loc.gov/standards/marcxml/schema/MARC21slim.xsd"
    xmlns="http://www.loc.gov/MARC21/slim">

  <leader>01342nam a22001937a 4500</leader>
  <datafield tag="999" ind1=" " ind2=" ">
    <subfield code="c">5549</subfield>
    <subfield code="d">5549</subfield>
  </datafield>
  <controlfield tag="003">DO-SdBJH</controlfield>
  <controlfield tag="005">20190806132949.0</controlfield>
  <controlfield tag="008">190806b           ||||| |||| 00| 0 spa d</controlfield>
  <datafield tag="020" ind1=" " ind2=" ">
    <subfield code="a">99934-27-08-X</subfield>
  </datafield>
  <datafield tag="040" ind1=" " ind2=" ">
    <subfield code="a">DO-SdBJH</subfield>
    <subfield code="b">spa</subfield>
    <subfield code="c">DO-SdBJH</subfield>
  </datafield>
  <datafield tag="082" ind1=" " ind2=" ">
    <subfield code="a">RD.972.93054</subfield>
    <subfield code="b"> V422p</subfield>
  </datafield>
  <datafield tag="100" ind1=" " ind2=" ">
    <subfield code="a">Vega Boyrie, Bernardo</subfield>
    <subfield code="d">1938-</subfield>
  </datafield>
  <datafield tag="245" ind1=" " ind2=" ">
    <subfield code="a">	El peligro comunista en la revoluci&#xF3;n de abril :</subfield>
    <subfield code="b">&#xBF;mito o realidad? /</subfield>
    <subfield code="c">Bernardo Vega</subfield>
  </datafield>
  <datafield tag="260" ind1=" " ind2=" ">
    <subfield code="a">Santo Domingo :</subfield>
    <subfield code="b">Fundaci&#xF3;n Cultural Dominicana,</subfield>
    <subfield code="c">2006</subfield>
  </datafield>
  <datafield tag="300" ind1=" " ind2=" ">
    <subfield code="a">	373 paginas</subfield>
    <subfield code="b">: il.,fotos</subfield>
  </datafield>
  <datafield tag="505" ind1="2" ind2=" ">
    <subfield code="a">Introducci&#xF3;n 15|Previo a la revoluci&#xF3;n de abril 19|24 y 25 de abril de 1965. El inicio de la guerra civil 31|26 de abril de 1965. El d&#xED;a que Washington orden&#xF3; la ejecuci&#xF3;n de civiles 79|27 de abril de 1965. El d&#xED;a de la gran derrota y tambi&#xE9;n de la gran victoria constitucionalistas 109|28 de abril de 1965. El d&#xED;a que se orden&#xF3; el desembarco de las tropas que estaban en los barcos 149|29 de abril de 1965. El d&#xED;a que se orden&#xF3; el env&#xED;o de las tropas aerotransportadas 187|Dudas y luego propaganda 247|Conclusiones 295|Notas 327|Bibliograf&#xED;a 343|Anexos 351|Ind&#xED;ce onom&#xE1;stico 361</subfield>
  </datafield>
  <datafield tag="650" ind1=" " ind2="4">
    <subfield code="a">Estados Unidos - Relaciones exteriores</subfield>
    <subfield code="x">Rep&#xFA;blica Dominicana - Historia - Ocupaci&#xF3;n norteam&#xE9;ricana 1965-1966</subfield>
    <subfield code="x">Rep&#xFA;blica Dominicana - Historia - Revoluci&#xF3;n, 1965</subfield>
  </datafield>
  <datafield tag="942" ind1=" " ind2=" ">
    <subfield code="2">ddc</subfield>
    <subfield code="c">BK</subfield>
  </datafield>
</record>
